Sweden 2011

Guardado en:
Detalles Bibliográficos
Formato: Libro
Lenguaje:inglés
Publicado: Paris OECD 2011
Colección:Recruiting immigrant workers
Materias:
Etiquetas: Agregar Etiqueta
Sin Etiquetas, Sea el primero en etiquetar este registro!

MARC

LEADER 00000nam a2200000 4500
001 0168881
005 20240315121324.9
020 |a 978-92-64-16720-9 
041 0 |a eng 
044 |a FR 
245 1 0 |a Sweden 2011 
264 1 |a Paris  |b OECD  |c 2011 
300 |a 157 s. 
490 1 |a Recruiting immigrant workers 
830 0 |a Recruiting immigrant workers 
610 2 0 |a migrácia 
610 2 0 |a trh práce 
610 2 0 |a politika zamestnanosti 
610 2 0 |a Švédsko